[Event "Hasselbacken Open 2016"]
[Site "Stockholm SWE"]
[Date "2016.04.30"]
[Round "1.58"]
[White "Levushkina, Elena"]
[Black "Johansson, Nicklas"]
[Result "1-0"]
[WhiteTitle "WGM"]
[WhiteElo "2336"]
[BlackElo "1896"]
[WhiteFideId "14200686"]
[BlackFideId "1735527"]
[EventDate "2016.04.30"]

1. e4 d5 2. exd5 Nf6 3. c4 e6 4. dxe6 Bxe6 5. d4 Bb4+ 6. Bd2 Qe7 7. Be2 Bxc4 8.
Qa4+ Nc6 9. Bxb4 Qxb4+ 10. Qxb4 Nxb4 11. Bxc4 Nc2+ 12. Kd2 Nxa1 13. Nc3 O-O 14.
Nf3 c6 15. Rxa1 Rad8 16. Re1 Rfe8 17. Rxe8+ Nxe8 18. Ne4 Kf8 19. Kc3 f6 20. Nc5
Rd6 21. Nxb7 Rd7 22. Nc5 Rd6 23. Nd2 Nc7 24. Nde4 Nd5+ 25. Kb3 1-0

[Event "Hasselbacken Open 2016"]
[Site "Stockholm SWE"]
[Date "2016.04.30"]
[Round "1.59"]
[White "Ekenstierna, Adrian"]
[Black "Ornstein, Axel"]
[Result "0-1"]
[BlackTitle "IM"]
[WhiteElo "1891"]
[BlackElo "2325"]
[WhiteFideId "1719181"]
[BlackFideId "1700111"]
[EventDate "2016.04.30"]

1. Nf3 Nf6 2. c4 c5 3. g3 b6 4. Bg2 Bb7 5. d3 g6 6. O-O Bg7 7. Nbd2 O-O 8. Rb1
Nc6 9. a3 a5 10. Ne5 Qc7 11. Nxc6 Bxc6 12. b4 Bxg2 13. Kxg2 axb4 14. axb4 Ra2
15. Qb3 Rfa8 16. Rb2 R2a3 17. Qc2 Ng4 18. Rb1 Ra2 19. Qb3 Qe5 20. e4 Qh5 21. h3
Ne5 22. f4 Nc6 23. g4 Qh4 24. bxc5 bxc5 25. Bb2 Bxb2 26. Rxb2 R2a3 27. Qb6 Rb8
28. Qxb8+ Nxb8 29. Nf3 Qf6 30. Rxb8+ Kg7 31. Ne1 Qc3 32. Rb1 Ra2+ 33. Rf2 Rxf2+
34. Kxf2 Qd2+ 35. Kf3 Qh2 36. g5 Qxh3+ 37. Ke2 Qg4+ 38. Ke3 e5 39. fxe5 Qxg5+
40. Ke2 Qxe5 41. Nf3 Qf4 42. e5 g5 0-1

[Event "Hasselbacken Open 2016"]
[Site "Stockholm SWE"]
[Date "2016.04.30"]
[Round "1.60"]
[White "Bruchmann, Stephan"]
[Black "Fang, Andy"]
[Result "1-0"]
[WhiteTitle "FM"]
[WhiteElo "2318"]
[BlackElo "1891"]
[WhiteFideId "4624432"]
[BlackFideId "1724630"]
[EventDate "2016.04.30"]

1. e4 g6 2. d4 Bg7 3. Nc3 c5 4. dxc5 Bxc3+ 5. bxc3 Qa5 6. Nf3 Qxc3+ 7. Bd2 Qxc5
8. Bd3 d6 9. O-O Nd7 10. Rb1 Qc7 11. Re1 Ngf6 12. Bh6 Ng4 13. Qd2 Ndf6 14. Bg7
Rg8 15. Bxf6 Nxf6 16. e5 dxe5 17. Nxe5 a6 18. Bc4 e6 19. Qf4 Qe7 20. Re3 b5 21.
Nc6 Qd7 22. Qxf6 Qxc6 23. Bd3 Bb7 24. Be4 Qd7 25. Bxb7 Qxb7 26. Rd1 Qe7 27. Qc3
Rd8 28. Rxd8+ Qxd8 29. Rd3 Qb8 30. Qc5 Qb7 31. h3 f6 32. Rd6 Kf7 33. Rb6 Qe7 34.
Qc6 1-0

[Event "Hasselbacken Open 2016"]
[Site "Stockholm SWE"]
[Date "2016.05.01"]
[Round "2.1"]
[White "Andreikin, Dmitry"]
[Black "Dubrovin, Robert"]
[Result "1-0"]
[WhiteTitle "GM"]
[WhiteElo "2736"]
[BlackElo "2239"]
[WhiteFideId "4158814"]
[BlackFideId "4501829"]
[EventDate "2016.04.30"]

1. e4 c5 2. Nf3 d6 3. c3 Nf6 4. h3 g6 5. Bd3 Bg7 6. Bc2 O-O 7. d4 cxd4 8. cxd4
Nc6 9. O-O e5 10. d5 Nb4 11. Nc3 Nxc2 12. Qxc2 Bd7 13. Qb3 Qa5 14. Be3 b5 15. a3
Rfc8 16. Rfc1 Rab8 17. Nd2 b4 18. axb4 Qxb4 19. Qxb4 Rxb4 20. b3 Rb7 21. Rxa7
Rxa7 22. Bxa7 Bh6 23. Be3 Bxe3 24. fxe3 Bb5 25. Kf2 Nd7 26. Kf3 h5 27. Na2 Ra8
28. Nc3 Rc8 29. Na2 Ra8 30. Rc2 Bd3 31. Rb2 f5 32. exf5 gxf5 33. Nb4 Nc5 34. Ra2
Rxa2 35. Nxa2 Be4+ 36. Nxe4 fxe4+ 37. Kg3 Nxb3 38. Nc3 Nd2 39. Kh4 Nc4 40. Kxh5
Nxe3 41. g4 Ng2 42. Nxe4 Nf4+ 43. Kh4 Nxd5 44. Nxd6 Nf4 45. g5 Kg7 46. Kg4 Nd5
47. h4 Nb4 48. Kf5 Nd3 49. Nc4 Ne1 50. Nxe5 Ng2 51. h5 Kh7 52. g6+ Kh6 53. Nf7+
Kxh5 54. g7 Ne3+ 55. Ke5 1-0

[Event "Hasselbacken Open 2016"]
[Site "Stockholm SWE"]
[Date "2016.05.01"]
[Round "2.2"]
[White "Lindborg, Petter"]
[Black "Shirov, Alexei"]
[Result "0-1"]
[BlackTitle "GM"]
[WhiteElo "2232"]
[BlackElo "2686"]
[WhiteFideId "1710338"]
[BlackFideId "2209390"]
[EventDate "2016.04.30"]

1. d4 Nf6 2. c4 e6 3. Nc3 Bb4 4. Qc2 O-O 5. a3 Bxc3+ 6. Qxc3 b5 7. cxb5 c6 8.
Bg5 cxb5 9. e3 Bb7 10. Nf3 h6 11. Bxf6 Qxf6 12. Be2 Rc8 13. Qd3 a6 14. O-O Nc6
15. Nd2 Na5 16. Bf3 Bxf3 17. Nxf3 Qf5 18. Qxf5 exf5 19. b4 Nb3 20. Rab1 Rc3 21.
Rfd1 Rac8 22. Ne5 d6 23. Nd3 g5 24. h4 f6 25. g3 Kf7 26. h5 Ke6 27. d5+ Kd7 28.
Kg2 Kc7 29. Kf3 Kb6 30. Kg2 R8c4 31. Nb2 Re4 32. Nd3 a5 33. bxa5+ Kxa5 34. Nb4
Ka4 35. Nc6 f4 36. Kf3 0-1

[Event "Hasselbacken Open 2016"]
[Site "Stockholm SWE"]
[Date "2016.05.01"]
[Round "2.3"]
[White "Almasi, Zoltan"]
[Black "Jacobs, Florian"]
[Result "1-0"]
[WhiteTitle "GM"]
[WhiteElo "2682"]
[BlackElo "2229"]
[WhiteFideId "702293"]
[BlackFideId "1018329"]
[EventDate "2016.04.30"]

1. Nf3 Nf6 2. c4 g6 3. b3 Bg7 4. Bb2 O-O 5. g3 d6 6. Bg2 e5 7. d3 c5 8. O-O Nc6
9. Nc3 h6 10. e3 Be6 11. d4 exd4 12. exd4 d5 13. cxd5 Nxd5 14. Na4 cxd4 15. Nxd4
Nxd4 16. Bxd4 b6 17. Rc1 Rb8 18. Bxg7 Kxg7 19. Qd2 Nf6 20. Qb2 Rc8 21. Rxc8 Bxc8
22. Nc3 Kh7 23. Nb5 a6 24. Na7 Qd6 25. Qe2 a5 26. Rd1 Qc7 27. Qb2 Bg4 28. Rc1
Qe7 29. Nc6 Qd6 30. h3 Bd7 31. Ne5 Be6 32. Rc6 Qd1+ 33. Kh2 Nd7 34. Nxd7 Qxd7
35. Rxb6 Rd8 36. Ra6 Qb5 37. Ra7 Qc5 38. Rb7 Rd4 39. Rb8 g5 40. Ra8 Bd5 41. Rd8
Kg6 42. a3 f6 43. Rd6 Kh7 44. b4 axb4 45. axb4 Qc4 46. Qb1+ Kg7 47. Qf5 Bxg2 48.
Qxf6+ Kg8 49. Rxd4 1-0

[Event "Hasselbacken Open 2016"]
[Site "Stockholm SWE"]
[Date "2016.05.01"]
[Round "2.4"]
[White "Rahul Kumar, Pune"]
[Black "Postny, Evgeny"]
[Result "0-1"]
[BlackTitle "GM"]
[WhiteElo "2225"]
[BlackElo "2673"]
[WhiteFideId "5010969"]
[BlackFideId "2804344"]
[EventDate "2016.04.30"]

1. Nf3 d5 2. d4 c6 3. Bf4 Nf6 4. Nbd2 Bf5 5. e3 e6 6. Be2 Nbd7 7. O-O Be7 8. Nh4
Be4 9. f3 Bg6 10. Bg3 Ng4 11. Nxg6 Nxe3 12. Qc1 hxg6 13. Re1 Nf5 14. Bf2 Bd6 15.
h3 Bf4 16. Rd1 Qg5 17. Kf1 Ne3+ 0-1

[Event "Hasselbacken Open 2016"]
[Site "Stockholm SWE"]
[Date "2016.05.01"]
[Round "2.5"]
[White "Smirin, Ilia"]
[Black "Henderson de La Fuente, Lance"]
[Result "1-0"]
[WhiteTitle "GM"]
[WhiteElo "2665"]
[BlackElo "2224"]
[WhiteFideId "2801990"]
[BlackFideId "32096585"]
[EventDate "2016.04.30"]

1. e4 e5 2. Nf3 Nc6 3. Bb5 Nf6 4. Qe2 Bc5 5. c3 d6 6. d4 exd4 7. cxd4 Bb4+ 8.
Bd2 Bxd2+ 9. Nbxd2 O-O 10. O-O Ne7 11. h3 c6 12. Ba4 d5 13. e5 Nh5 14. Bc2 Bf5
15. Bxf5 Nxf5 16. Qd3 g6 17. g3 Nhg7 18. Nb3 Ne6 19. Rac1 f6 20. Nc5 Nxc5 21.
Rxc5 fxe5 22. Nxe5 Nd6 23. Kg2 Ne4 24. Rc2 Qd6 25. f3 Nf6 26. h4 Rae8 27. Re2
Nd7 28. Rfe1 Nxe5 29. Rxe5 Rxe5 30. Rxe5 c5 31. h5 cxd4 32. Qxd4 Rc8 33. Rxd5
Qe6 34. Rd8+ Rxd8 35. Qxd8+ Kf7 36. Qc7+ Ke8 37. Qb8+ Kf7 38. Qxb7+ Kf6 39. Qxa7
gxh5 40. Qd4+ Kf7 41. Qe4 Qxa2 42. Qxh7+ Kf8 43. Qh8+ Ke7 44. Qe5+ Kf8 45. Kh3
Qb3 46. Kh4 Kg8 47. Qg5+ Kf8 48. Qf6+ Kg8 49. Kxh5 Qd5+ 50. Qg5+ 1-0

[Event "Hasselbacken Open 2016"]
[Site "Stockholm SWE"]
[Date "2016.05.01"]
[Round "2.6"]
[White "Lorscheid, Gerhard"]
[Black "Adhiban, Baskaran"]
[Result "0-1"]
[WhiteTitle "FM"]
[BlackTitle "GM"]
[WhiteElo "2214"]
[BlackElo "2663"]
[WhiteFideId "4606000"]
[BlackFideId "5018471"]
[EventDate "2016.04.30"]

1. d4 Nf6 2. c4 e6 3. Nc3 Bb4 4. Qb3 c5 5. dxc5 Nc6 6. Nf3 Ne4 7. Bd2 Nxd2 8.
Nxd2 Bxc5 9. g3 b6 10. Bg2 Bb7 11. O-O O-O 12. a3 f5 13. e3 Qc8 14. Qd1 Ne5 15.
Bxb7 Qxb7 16. Qe2 Rac8 17. b4 Be7 18. Rfc1 a5 19. Rab1 axb4 20. axb4 g5 21. Nb5
g4 22. Nd4 Ra8 23. Rc2 Ra4 24. c5 bxc5 25. bxc5 Qd5 26. Qb5 Ra2 27. Rxa2 Qxa2
28. Rb2 Qa3 29. Rc2 Qa1+ 30. Qf1 Qxf1+ 31. Kxf1 Rc8 32. N2b3 Kf7 33. Ke2 h5 34.
Rc1 Rb8 35. h4 gxh3 36. Rh1 Bxc5 37. Rxh3 Bxd4 38. Nxd4 Ng4 39. Rxh5 Kg6 40. Rh4
Rb2+ 41. Ke1 Nxf2 42. Ne2 Nd3+ 43. Kd1 e5 44. Rh8 Nf2+ 45. Ke1 Ne4 46. Nc1 d6
47. Rd8 Kf7 48. Rd7+ Kf6 49. Rd8 Rc2 50. Kd1 Rc3 0-1

[Event "Hasselbacken Open 2016"]
[Site "Stockholm SWE"]
[Date "2016.05.01"]
[Round "2.7"]
[White "Tkachiev, Vladislav"]
[Black "Brookes, Christopher"]
[Result "1-0"]
[WhiteTitle "GM"]
[BlackTitle "CM"]
[WhiteElo "2660"]
[BlackElo "2213"]
[WhiteFideId "618438"]
[BlackFideId "4669355"]
[EventDate "2016.04.30"]

1. d4 Nf6 2. c4 g6 3. g3 c6 4. Bg2 d5 5. Qa4 Nfd7 6. cxd5 Nb6 7. Qd1 cxd5 8. Nc3
Bg7 9. e3 Nc6 10. Nge2 O-O 11. O-O e6 12. b3 a5 13. Qd2 Re8 14. Ba3 Nb4 15. Nb5
Bf8 16. Rfc1 Rb8 17. Nf4 Qe7 18. Nd3 Bd7 19. Bxb4 axb4 20. Nc5 Bxb5 21. Qxb4 Qd7
22. Nxd7 Bxb4 23. Nxb6 Bc6 24. Bf1 Kf8 25. a3 Ba5 26. Rxc6 bxc6 27. Nd7+ Ke7 28.
Nxb8 Rxb8 29. b4 Bc7 30. Rc1 Kd7 31. f4 Bd6 32. Kf2 Kc7 33. Bd3 Kb6 34. e4 Ra8
35. Rc3 f5 36. e5 Be7 37. Bc2 Ra7 38. Bd1 Ra8 39. Ke3 Ra7 40. Kd3 Bf8 41. Kc2
Rb7 42. Be2 Ra7 43. Kb3 Ra8 44. a4 Be7 45. a5+ Kb7 46. Ka4 Rc8 47. g4 Bf8 48.
gxf5 gxf5 49. Rh3 Rc7 50. b5 cxb5+ 51. Kxb5 Kb8 52. a6 Ka7 53. Ka5 h6 54. Rg3
Rc2 55. Rg8 Ra2+ 56. Kb5 Rb2+ 57. Kc6 Rxe2 58. Rxf8 Rf2 59. Re8 Rxf4 60. Re7+
Kxa6 61. Rxe6 Rf1 62. Rf6 f4 63. e6 f3 64. e7 1-0

[Event "Hasselbacken Open 2016"]
[Site "Stockholm SWE"]
[Date "2016.05.01"]
[Round "2.8"]
[White "Poulopoulos, Ioannis"]
[Black "Sethuraman, S.P."]
[Result "0-1"]
[BlackTitle "GM"]
[WhiteElo "2214"]
[BlackElo "2658"]
[WhiteFideId "4218078"]
[BlackFideId "5021596"]
[EventDate "2016.04.30"]

1. d4 e6 2. Nf3 d5 3. c4 c6 4. Qc2 Bd6 5. g3 f5 6. Bg2 Nf6 7. O-O O-O 8. Nbd2
Qe7 9. Ne1 b6 10. Nd3 Ne4 11. Nf3 Bb7 12. b3 a5 13. Bb2 Na6 14. a3 Rac8 15. Rfc1
c5 16. dxc5 Naxc5 17. a4 f4 18. gxf4 Nxd3 19. exd3 Bxf4 20. dxe4 dxe4 21. Ne1
Qh4 22. h3 e3 23. f3 Rcd8 24. Rd1 Rd2 25. Rxd2 exd2 26. Qc3 Qg3 27. Nc2 e5 28.
Rd1 Rd8 29. Kf1 Be4 0-1

[Event "Hasselbacken Open 2016"]
[Site "Stockholm SWE"]
[Date "2016.05.01"]
[Round "2.9"]
[White "Predojevic, Borki"]
[Black "Henriksson, Johan"]
[Result "1-0"]
[WhiteTitle "GM"]
[BlackTitle "FM"]
[WhiteElo "2654"]
[BlackElo "2208"]
[WhiteFideId "930849"]
[BlackFideId "1703560"]
[EventDate "2016.04.30"]

1. Nf3 d5 2. c4 c6 3. d4 Nf6 4. g3 e6 5. Bg2 dxc4 6. Ne5 c5 7. Be3 Nbd7 8. Nxc4
Nd5 9. Nc3 Nxe3 10. Nxe3 Nf6 11. d5 exd5 12. Nexd5 Nxd5 13. Bxd5 Be7 14. Qa4+
Qd7 15. Qb3 O-O 16. O-O Qc7 17. Rfd1 a6 18. a4 Rb8 19. a5 b5 20. axb6 Qxb6 21.
Qxb6 Rxb6 22. b3 Be6 23. Bxe6 fxe6 24. Ne4 Ra8 25. Rd3 Rb4 26. Nd2 a5 27. Ra2
Ra7 28. Kg2 h6 29. Re3 Kf7 30. Nc4 a4 31. Ne5+ Kg8 32. Nc6 axb3 33. Rxa7 b2 34.
Nxb4 b1=Q 35. Nd3 Bf6 36. Rxe6 c4 37. Nf4 c3 38. Rc7 Qb8 39. Rec6 Kh7 40. h4 Be5
41. Rc8 Qb7 42. Ng6 Bd6 43. h5 1-0

[Event "Hasselbacken Open 2016"]
[Site "Stockholm SWE"]
[Date "2016.05.01"]
[Round "2.10"]
[White "Johansson, Gunnar"]
[Black "Vidit, Santosh Gujrathi"]
[Result "0-1"]
[BlackTitle "GM"]
[WhiteElo "2212"]
[BlackElo "2648"]
[WhiteFideId "1703501"]
[BlackFideId "5029465"]
[EventDate "2016.04.30"]

1. d4 Nf6 2. c4 g6 3. Nc3 d5 4. Nf3 Bg7 5. Bg5 Ne4 6. Bh4 Nxc3 7. bxc3 dxc4 8.
Qa4+ Nd7 9. e3 O-O 10. Qa3 Bf6 11. Bxf6 Nxf6 12. Bxc4 Qd6 13. Qxd6 cxd6 14. Ke2
Bg4 15. Rhc1 Rac8 16. Bb3 Rc7 17. h3 Bd7 18. Nd2 Rfc8 19. c4 e5 20. dxe5 dxe5
21. Nf3 Rc5 22. Rd1 Be6 23. Rab1 Ne4 24. Rd3 Bxc4 25. Bxc4 Rxc4 0-1

[Event "Hasselbacken Open 2016"]
[Site "Stockholm SWE"]
[Date "2016.05.01"]
[Round "2.11"]
[White "Sasikiran, Krishnan"]
[Black "Morros Faura, Ricard"]
[Result "1-0"]
[WhiteTitle "GM"]
[WhiteElo "2643"]
[BlackElo "2205"]
[WhiteFideId "5004985"]
[BlackFideId "2294311"]
[EventDate "2016.04.30"]

1. e4 c5 2. Nf3 d6 3. d4 cxd4 4. Nxd4 Nf6 5. Nc3 g6 6. Be2 Bg7 7. O-O O-O 8. Bg5
Nc6 9. Nb3 Be6 10. f4 b5 11. Bf3 Rc8 12. Kh1 Nd7 13. Rb1 a5 14. Nxb5 a4 15. Nd2
Qa5 16. Be2 f5 17. exf5 Bxf5 18. Nf3 Nf6 19. Nfd4 Bd7 20. c3 Ne4 21. Bh4 g5 22.
fxg5 Rxf1+ 23. Bxf1 Nxd4 24. Nxd4 a3 25. Bd3 Qe5 26. Qb3+ Kh8 27. Qxa3 Qf4 28.
Nf3 Nc5 29. Bc2 Bc6 30. Qb4 Qf7 31. Qg4 Rf8 32. g6 Bxf3 33. gxf3 Qd5 34. Rf1 h5
35. Qg5 Qxg5 36. Bxg5 1-0

[Event "Hasselbacken Open 2016"]
[Site "Stockholm SWE"]
[Date "2016.05.01"]
[Round "2.12"]
[White "Malm Lindberg, Henrik"]
[Black "Mareco, Sandro"]
[Result "0-1"]
[BlackTitle "GM"]
[WhiteElo "2208"]
[BlackElo "2625"]
[WhiteFideId "1702599"]
[BlackFideId "112275"]
[EventDate "2016.04.30"]

1. e4 c5 2. Nf3 d6 3. d4 cxd4 4. Nxd4 Nf6 5. Nc3 a6 6. Be2 e5 7. Nb3 Be7 8. O-O
O-O 9. Be3 Nbd7 10. a4 b6 11. f3 Qc7 12. Nc1 Bb7 13. N1a2 Rac8 14. Rf2 Qb8 15.
Qf1 Qa8 16. Bc4 a5 17. Rd1 Nc5 18. b3 Qb8 19. Nb5 Rfd8 20. Nac3 h6 21. Rfd2 Bc6
22. g3 Rd7 23. Qf2 Rcd8 24. Qe2 Rc8 25. Qf1 Ne6 26. Nd5 Bxd5 27. Bxd5 Nxd5 28.
exd5 Ng5 29. h4 Nh7 30. Qd3 Rf8 31. Qf5 Qb7 32. Rg2 Bf6 33. Qd3 h5 34. Na3 Rb8
35. Qb5 Bd8 36. Nc4 Nf8 37. Qc6 Bc7 38. Kh2 b5 39. axb5 Qxb5 40. Ra1 Re7 41. Bd2
Qxc6 42. dxc6 d5 43. Nxa5 Ne6 44. Bc3 Nd8 45. Rd2 d4 46. Bb2 Re6 47. Nc4 Rxc6
48. Bc1 Ne6 49. Kg2 Nc5 50. Ba3 Ne6 51. Re1 Ra8 52. Bb4 Rb8 53. Ba3 Rb5 54. Rde2
d3 55. cxd3 Rxb3 56. Bb2 f6 57. Rd1 Nc5 58. Red2 Nxd3 59. Rxd3 Rxd3 60. Rxd3
Rxc4 61. Bc3 Kf7 62. Be1 Rc2+ 63. Rd2 Rc6 64. Rd7+ Kg8 65. Kf1 Rc2 66. Rd3 Bb6
67. Rd7 Be3 68. Rb7 Kh7 69. Rd7 Kg6 70. Rb7 f5 71. Rb3 Bd4 72. Rb4 Bc5 73. Ra4
Kf7 74. Ra6 e4 75. fxe4 fxe4 76. Ra4 e3 77. Re4 Kf6 78. g4 hxg4 79. Rf4+ Ke5 80.
Bg3 Kd5 81. Rxg4 e2+ 82. Ke1 Bd4 0-1

[Event "Hasselbacken Open 2016"]
[Site "Stockholm SWE"]
[Date "2016.05.01"]
[Round "2.13"]
[White "Bachmann, Axel"]
[Black "Lundvik, Jonas"]
[Result "1-0"]
[WhiteTitle "GM"]
[WhiteElo "2621"]
[BlackElo "2204"]
[WhiteFideId "3700488"]
[BlackFideId "1704567"]
[EventDate "2016.04.30"]

1. Nf3 Nf6 2. c4 e6 3. g3 b6 4. Bg2 Bb7 5. O-O Be7 6. d4 d5 7. cxd5 exd5 8. Nc3
O-O 9. Ne5 Ne4 10. Qa4 Nxc3 11. bxc3 Bd6 12. Nd3 Qe8 13. Qc2 c6 14. Re1 f5 15.
c4 Nd7 16. Bf4 Qe6 17. Rec1 Nf6 18. Bxd6 Qxd6 19. Rab1 dxc4 20. Qxc4+ Nd5 21. a4
Rad8 22. a5 b5 23. Qc5 a6 24. Qxd6 Rxd6 25. Nc5 Bc8 26. Nxa6 Bxa6 27. Rxc6 Rff6
28. Rxa6 Rxa6 29. Bxd5+ Kf8 30. Rxb5 Ra7 31. Bb7 1-0

[Event "Hasselbacken Open 2016"]
[Site "Stockholm SWE"]
[Date "2016.05.01"]
[Round "2.14"]
[White "Tuomainen, Felix"]
[Black "Onischuk, Vladimir"]
[Result "1/2-1/2"]
[BlackTitle "GM"]
[WhiteElo "2205"]
[BlackElo "2620"]
[WhiteFideId "1720813"]
[BlackFideId "14114038"]
[EventDate "2016.04.30"]

1. d4 d6 2. e4 Nf6 3. Nc3 g6 4. Be3 c6 5. f3 b5 6. Qd2 Nbd7 7. g4 Nb6 8. h4 h5
9. g5 Nfd7 10. d5 Ne5 11. Bd4 b4 12. dxc6 bxc3 13. Qxc3 Qc7 14. a4 Be6 15. f4
Bg7 16. fxe5 dxe5 17. Bf2 O-O 18. b4 f5 19. gxf6 Rxf6 20. Bh3 Bf7 21. b5 Nd5 22.
exd5 Rxf2 23. Kxf2 e4 24. Qe3 Bxa1 25. Ne2 Bf6 26. Qxe4 Rf8 27. Kg2 Kg7 28. Be6
Bxe6 29. dxe6 Be5 30. Rf1 Rxf1 31. Kxf1 Qd6 32. c3 Qxe6 33. Nd4 Qc4+ 34. Kg2 Kf6
35. Qf3+ Kg7 36. Qe4 Kf6 37. Qf3+ Kg7 38. Qe4 1/2-1/2

[Event "Hasselbacken Open 2016"]
[Site "Stockholm SWE"]
[Date "2016.05.01"]
[Round "2.15"]
[White "Landa, Konstantin"]
[Black "Brzezinski, Adam"]
[Result "1-0"]
[WhiteTitle "GM"]
[WhiteElo "2618"]
[BlackElo "2203"]
[WhiteFideId "4101685"]
[BlackFideId "1710460"]
[EventDate "2016.04.30"]

1. d4 Nf6 2. Nf3 e6 3. g3 d5 4. Bg2 Be7 5. O-O O-O 6. c4 c6 7. Qc2 Nbd7 8. Rd1
a5 9. Nc3 h6 10. b3 b6 11. e4 Bb7 12. e5 Ne8 13. Ne2 Nc7 14. Nf4 Qb8 15. Ne1 a4
16. Bb2 Rc8 17. Ned3 a3 18. Bc3 c5 19. dxc5 bxc5 20. cxd5 exd5 21. Bh3 Rd8 22.
e6 fxe6 23. Nxe6 Nxe6 24. Bxe6+ Kh8 25. Nf4 1-0

[Event "Hasselbacken Open 2016"]
[Site "Stockholm SWE"]
[Date "2016.05.01"]
[Round "2.16"]
[White "Thorn, Eric"]
[Black "Maze, Sebastien"]
[Result "0-1"]
[BlackTitle "GM"]
[WhiteElo "2204"]
[BlackElo "2617"]
[WhiteFideId "1710729"]
[BlackFideId "613762"]
[EventDate "2016.04.30"]

1. d4 Nf6 2. c4 e6 3. Nf3 Bb4+ 4. Bd2 Qe7 5. g3 Nc6 6. Bg2 d5 7. cxd5 exd5 8.
O-O Bxd2 9. Qxd2 O-O 10. Nc3 Re8 11. Qf4 Nd8 12. Rfe1 c6 13. a3 h6 14. Rad1 Bg4
15. Ne5 Ne6 16. Qc1 Bf5 17. b4 Nxd4 18. e4 dxe4 19. Rxd4 Qxe5 20. Qd2 a5 21.
Nxe4 Nxe4 22. Bxe4 axb4 23. axb4 Ra2 24. Qe3 Qf6 25. f3 Bxe4 26. fxe4 Qe6 27.
Rd2 Rxd2 28. Qxd2 f6 29. Re2 Qc4 30. Qd7 Re5 31. Kf2 Qxb4 32. h4 Qe7 33. Qc8+
Kh7 0-1

[Event "Hasselbacken Open 2016"]
[Site "Stockholm SWE"]
[Date "2016.05.01"]
[Round "2.17"]
[White "Bok, Benjamin"]
[Black "Gamback, Bjorn"]
[Result "1-0"]
[WhiteTitle "GM"]
[BlackTitle "CM"]
[WhiteElo "2604"]
[BlackElo "2184"]
[WhiteFideId "1017063"]
[BlackFideId "1703161"]
[EventDate "2016.04.30"]

1. d4 Nf6 2. c4 e6 3. Nf3 d5 4. Nc3 Bb4 5. cxd5 exd5 6. Bg5 Nbd7 7. Qc2 O-O 8.
e3 h6 9. Bh4 c5 10. Bd3 Re8 11. O-O Bxc3 12. bxc3 a6 13. a4 b6 14. Bh7+ Kf8 15.
Bf5 g6 16. Bxg6 fxg6 17. Qxg6 Qe7 18. Ne5 Qg7 19. Nxd7+ Nxd7 20. Qd6+ Re7 21. f4
Ke8 22. Rf3 Qf7 23. Rg3 Re6 24. Qxd5 Ra7 25. f5 Re7 26. Qd6 Re4 27. Qxh6 Qf8 28.
Qg5 Re7 29. Qh5+ Rf7 30. e4 cxd4 31. cxd4 Qd6 32. Rd1 Nf6 33. Bxf6 Qxf6 34. Rg6
Qe7 35. Rg8+ Kd7 36. e5 Rh7 37. f6 Qf7 38. Qf5+ Kc6 39. Qxc8+ Rc7 40. Rc1+ Kd5
41. Rd8+ Ke4 42. Rxc7 Qxc7 43. Qxc7 1-0

[Event "Hasselbacken Open 2016"]
[Site "Stockholm SWE"]
[Date "2016.05.01"]
[Round "2.18"]
[White "Evertsson, Lennart"]
[Black "Goganov, Aleksey"]
[Result "0-1"]
[BlackTitle "GM"]
[WhiteElo "2198"]
[BlackElo "2591"]
[WhiteFideId "1705156"]
[BlackFideId "24109959"]
[EventDate "2016.04.30"]

1. e4 c5 2. Nf3 e6 3. Nc3 Nc6 4. Bb5 Nd4 5. a4 Ne7 6. O-O a6 7. Bc4 Nec6 8. Re1
Be7 9. Nxd4 cxd4 10. Ne2 O-O 11. d3 Bc5 12. Ng3 Qh4 13. e5 b6 14. Re4 Qe7 15.
Qh5 g6 16. Qh6 f5 17. Re2 Bb7 18. Bf4 Qg7 19. h4 Be7 20. Nf1 Rfc8 21. Qxg7+ Kxg7
22. Bg5 h6 23. Bxe7 Nxe7 24. Nd2 f4 25. Bb3 Nf5 26. Nc4 f3 27. Re4 Rab8 28. g3
Bxe4 29. dxe4 Ne7 30. Rd1 b5 31. Nd6 Rc7 32. axb5 axb5 33. Rxd4 Nc6 34. Rd1 Nxe5
35. c3 Rc6 36. g4 Rbb6 37. Nxb5 Rxb5 38. Ba4 Rxb2 39. Bxc6 dxc6 0-1

[Event "Hasselbacken Open 2016"]
[Site "Stockholm SWE"]
[Date "2016.05.01"]
[Round "2.19"]
[White "Sevian, Samuel"]
[Black "Risting, Eivind Olav"]
[Result "1-0"]
[WhiteTitle "GM"]
[BlackTitle "FM"]
[WhiteElo "2589"]
[BlackElo "2175"]
[WhiteFideId "2040506"]
[BlackFideId "1517333"]
[EventDate "2016.04.30"]

1. e4 e6 2. Qe2 c5 3. Nf3 Nc6 4. g3 g6 5. Bg2 Bg7 6. O-O Nge7 7. d3 d6 8. Nbd2
O-O 9. h4 a5 10. a4 b6 11. Nc4 Qc7 12. c3 h6 13. Nh2 e5 14. h5 Be6 15. Ng4 Kh7
16. Nge3 Rad8 17. Nd5 Bxd5 18. exd5 Nb8 19. Na3 Qd7 20. hxg6+ fxg6 21. Nc4 Qc7
22. Bd2 Nd7 23. Rfb1 Nf6 24. Ne3 Ra8 25. Ra3 Rfb8 26. Rb3 Qd7 27. Ra1 Nc8 28.
Nc4 Ne7 29. Rxb6 Nc8 30. Rc6 Bf8 31. f4 exf4 32. Bxf4 g5 33. Bd2 Qf7 34. Rf1 Ra7
35. Bh3 1-0

[Event "Hasselbacken Open 2016"]
[Site "Stockholm SWE"]
[Date "2016.05.01"]
[Round "2.20"]
[White "Kolas, Tore"]
[Black "Rozentalis, Eduardas"]
[Result "1/2-1/2"]
[BlackTitle "GM"]
[WhiteElo "2187"]
[BlackElo "2584"]
[WhiteFideId "1502050"]
[BlackFideId "12800023"]
[EventDate "2016.04.30"]

1. d4 Nf6 2. c4 e6 3. Nc3 Bb4 4. Nf3 O-O 5. e3 Re8 6. Bd3 d6 7. O-O Bxc3 8. bxc3
Nbd7 9. e4 e5 10. Nd2 Nf8 11. f4 exf4 12. Rxf4 c5 13. Rf1 cxd4 14. cxd4 Qb6 15.
Nb3 Nxe4 16. Qf3 f5 17. g4 Bd7 18. Be3 Nf6 19. gxf5 Bc6 20. Qg3 Be4 21. d5 Qc7
22. Bd4 N8d7 23. Rae1 Bxd3 24. Qxd3 Ne5 25. Bxe5 dxe5 26. c5 b6 27. d6 Qc6 28.
Qc3 bxc5 29. Qxc5 Rac8 30. Rxe5 Rxe5 31. Qxe5 Qb6+ 32. Qd4 Rd8 33. Qxb6 axb6 34.
Rd1 Rd7 35. a4 Ne8 36. a5 bxa5 37. Nxa5 Rxd6 38. Rxd6 Nxd6 39. Nc6 Nxf5 40. Kg2
Kf7 41. Kf3 Kf6 42. Kg4 g6 43. Kf4 h5 44. Ne5 g5+ 45. Ke4 Nd6+ 46. Kd5 Nb5 47.
h4 Nc3+ 48. Kd4 Ne2+ 49. Kd5 g4 50. Ke4 g3 51. Nd7+ Ke7 52. Kf3 Nd4+ 53. Kxg3
Kxd7 54. Kf4 Ne6+ 55. Kf5 Ng7+ 56. Kf6 1/2-1/2

[Event "Hasselbacken Open 2016"]
[Site "Stockholm SWE"]
[Date "2016.05.01"]
[Round "2.21"]
[White "Stefansson, Hannes"]
[Black "Hammar, Bengt"]
[Result "1-0"]
[WhiteTitle "GM"]
[BlackTitle "FM"]
[WhiteElo "2581"]
[BlackElo "2168"]
[WhiteFideId "2300087"]
[BlackFideId "1700391"]
[EventDate "2016.04.30"]

1. d4 Nf6 2. c4 g6 3. Nc3 Bg7 4. e4 d6 5. Nf3 O-O 6. Be2 e5 7. O-O Nbd7 8. Be3
c6 9. d5 c5 10. Ne1 Ne8 11. g4 Bf6 12. Qd2 Ng7 13. Kh1 Be7 14. Rg1 Kh8 15. Nd3
f5 16. gxf5 gxf5 17. Bh6 Rf7 18. Bxg7+ Rxg7 19. Rxg7 Kxg7 20. Rg1+ Kh8 21. f4
Bf6 22. exf5 Nb6 23. fxe5 Nxc4 24. Qh6 Nxe5 25. Ne4 Nxd3 26. Bxd3 1-0